000 00726nam a2200193 i 4500
001 181991
003 ES-MaACL
005 20250706080608.0
008 130521q18501899fr |||| | fre d
100 1 _aBalzac, Honoré de,
_d1799-1850
_925139
245 1 1 _a[Histoire des treize : Ferragus. La duchesse de Langeais. La fille aux yeux d'or ; Gaudissart II /
_cHonoré de Balzac].
260 _a[S.l. :
_bs.n.,
_c18-?]
300 _a80 p. :
_bil. ;
_c30 cm.
490 1 _aOeuvres illustrées de Balzac
594 _aTítulo y autor tomado de principio del texto.
830 0 0 _aOeuvres illustrées de Balzac
_9191710
852 _aES-MaACL
_jR-1709(8)
_q.- Ejempl. sin portada en un vol. facticio
999 _c181991
_d181991